1687 1623 1553 1175 1788 1018 1483 1699 1202 1801 1597 1569 1604 1078 1727 1813 1246 1835 1105 1052 1229 1423 1221 1618 1066 1658 1210 1288 1526 1069 1266 1667 1317 1310 1511 1315 1435 1452 1861 1079 1489 1591 1965 1514 1245 1744 1465 1023 1911 1204 1697 1161 1259 1788 1684 1046 1604 1873 1517 1059 1970 1274 1212 1217 1631 1545 1942 1460 1320 1320 1114 1176 1004 1287 1435 1285 1149 1840 1856 1485 1478 1815 1737 1621 1522 1059 1307 1355 1284 1835 1989 1124 1678 1500 1020 1020 1015 1920 1109 BCNSPRNW ULIB Ver.6.0+V

เปลี่ยนเป็นภาษาไทย

Change to English
 แสดงรายละเอียดบรรณานุกรม
  กลับหน้าหลัก

Brief Record : Get Marc (ISO 2709) : E-mail record : QR code < ปิดหน้าต่าง
LEADER : 00000nam 2200000uu 4500
001    13399121560
003     ULIB
008    121123s2546||||th 000 0 tha d
020    ^a9749507509
060 04 ^aWW140^bศ324ด
245 00 ^aดวงตา...ประตูสู่คุณภาพชีวิต :^bจักษุวิทยาในเวชปฏิบัติ /^cศักดิ์ชัย วงศกิตติรักษ์, บรรณาธิการ
250    ^aพิมพ์ครั้งที่ 1
260    ^aกรุงเทพฯ :^bหมอชาวบ้าน,^c2546
300    ^a64 หน้า :^bภาพประกอบสี ;^c21 ซม.
650  7 ^aตา, โรค^xการรักษา
650  7 ^aจักษุวิทยา
700 0  ^aศักดิ์ชัย วงศกิตติรักษ์,^eบรรณาธิการ
945    ^p100^l0^i15086
945    ^p100^l0^i15087
995    ^aวิภา
999 ^a ใช้งานได้ทุกระบบ
รายการนี้ยังไม่มีแท็ก
คุณยังไม่ได้ล็อกอิน คุณสามารถมีกิจกรรมร่วมกับเว็บไซต์ได้ แต่ต้องล็อกอินก่อน ::
  ล็อกอิน

รายการสื่อสารสนเทศ

ลำดับที่ ประเภท เลขเรียก/บาร์โค้ด สถานที่ สถานะ
1. วิทยาศาสตร์การแพทย์ และสุขภาพ
วิทยาศาสตร์การแพทย์ และสุขภาพ
WW140 ศ324ด  
  Barcode: 15086
ห้องสมุดวิทยาเขตสวรรค์ประชารักษ์
►หนังสือทั่วไป
บนชั้น
2. วิทยาศาสตร์การแพทย์ และสุขภาพ
วิทยาศาสตร์การแพทย์ และสุขภาพ
WW140 ศ324ด ฉ.2 
  Barcode: 15087
ห้องสมุดวิทยาเขตสวรรค์ประชารักษ์
►หนังสือทั่วไป
บนชั้น

รายการใกล้เคียง
    หัวเรื่อง [จักษุวิทยา]

BibComment


ยังไม่เคยถูกคอมเมนท์

คอมเมนท์ทรัพยากรรายการนี้
  คอมเมนท์: ดวงตาประตูสู่คุณ..


 Copyright 2026. Bcnsprnw @Library